Une archéologie des provinces septentrionales du royaume Kongo /

This text presents in detail the results of archaeological research carried out by the KongoKing project in the former northern provinces of the Kongo Kingdom, currently located in the Democratic Republic of Congo.

محفوظ في:

مؤلفون آخرون: Clist, Bernard (المحرر), Maret, Pierre de (المحرر), Bostoen, Koen A. G. (المحرر)

التنسيق: كتاب الكتروني

اللغة: French

منشور في: Summertown, Oxford : Archaeopress Publishing Ltd, 2018.

الموضوعات:

الوصول للمادة أونلاين: Login to view Source

الوسوم: إضافة وسم

لا توجد وسوم, كن أول من يضع وسما على هذه التسجيلة!

رقم الطلب: DT652

LEADER 01924nam a2200421 i 4500
001 EDZ0001950299
003 StDuBDS
005 20230412182313.0
006 m|||||o||d||||||||
007 cr |||||||||||
008 181009s2018 enka fob 000|0|fre|d
020 |a 9781784919733 (ebook) :  |c No price 
040 |a StDuBDS  |b eng  |c StDuBDS  |e rda  |e pn 
050 4 |a DT652 
082 0 4 |a 967.5101  |2 23 
245 0 4 |a Une archéologie des provinces septentrionales du royaume Kongo /  |c edited by Bernard Clist, Pierre de Maret and Koen Bostoen. 
264 1 |a Summertown, Oxford :  |b Archaeopress Publishing Ltd,  |c 2018. 
300 |a 1 online resource (500 pages) :  |b illustrations (black and white, and colour) 
336 |a text  |2 rdacontent 
336 |a still image  |2 rdacontent 
337 |a computer  |2 rdamedia 
338 |a online resource  |2 rdacarrier 
500 |a Previously issued in print: 2018. 
504 |a Includes bibliographical references. 
520 8 |a This text presents in detail the results of archaeological research carried out by the KongoKing project in the former northern provinces of the Kongo Kingdom, currently located in the Democratic Republic of Congo. 
521 |a Specialized. 
588 |a Description based on online resource; title from home page (viewed on October 9, 2018). 
651 0 |a Congo (Democratic Republic)  |x Antiquities. 
651 0 |a Congo (Democratic Republic)  |x History  |y To 1908. 
650 0 |a Excavations (Archaeology)  |z Congo (Democratic Republic) 
700 1 |a Clist, Bernard,  |e editor. 
700 1 |a Maret, Pierre de,  |e editor. 
700 1 |a Bostoen, Koen A. G.,  |e editor. 
776 0 8 |i Print version :  |z 9781784919726 
856 4 0 |3 Archaeopress  |u http://library.arce.org:8087/Archaeopress/Products/9781784919726 
942 |2 lcc  |c EBOOK 
952 |0 0  |1 0  |4 0  |6 DT0652  |7 1  |9 46444  |a ARCH  |b ARCH  |d 2023-04-12  |l 0  |o DT652  |r 2023-04-12 00:00:00  |w 2023-04-12  |y EBOOK 
999 |c 52102  |d 52102